Всеподданнейшая записка (копия) главного начальника Верховной Распорядительной Комиссии Лорис-Меликова Александру II о сосредото...

RUSMARC
00005805nac2a22003733x 450
0016a70e513-f234-477a-8253-5d7a9f7bf930
00520240819152029.0
100##$a20240716l1880 k y0rusy50 ca
1010#$arus
102##$aRU
105##$ay z |||||
1220#$ad18800226
2001#$aВсеподданнейшая записка (копия) главного начальника Верховной Распорядительной Комиссии Лорис-Меликова Александру II о сосредоточении всей правительственной власти в руках начальника Верховной Распорядительной Комиссии
$j26.02.1880
215##$a3 листа
$d37,4 х 25,1
251##$cДело
300##$aЗаголовок дела на папке: Всеподданнейшая записка главного начальника Верховной Распорядительной Комиссии Лорис-Меликова Александру II о сосредоточении всей правительственной власти в руках начальника ВР Комиссии
300##$aРукописный текст
324##$aКопия
325##$aЗамикрофильмировано
330##$aВходит в раздел описи: Материалы, относящиеся к деятельности Лорис-Меликова М. Т. в Верховной Распорядительной Комиссии
461#0$1001cda3d175-ae4a-411a-8dea-9cc20fb178f6
$12001
$aЛорис-Меликов Михаил Тариелович, граф, министр внутренних дел, главный начальник "верховной распорядительной комиссии по охранению государственного порядка и общественного спокойствия", генерал от кавалерии
$1251
$cФонд
$1852
$j569
462#0$1001163e060a-d7cc-404d-90ee-e28c9801971b
$12001
$aОпись дел фонда М. Т. Лорис-Меликова за 1858-1915 гг.
$vД. 33
$1251
$cОпись
$1852
$j1
5171#$aВсеподданнейшая записка главного начальника Верховной Распорядительной Комиссии Лорис-Меликова Александру II о сосредоточении всей правительственной власти в руках начальника ВР Комиссии
600#0$aАлександр
$dII
600#1$aЛорис-Меликов
$bМ. Т.
$gМихаил Тариелович
60101$aРоссия
$bВерховная распорядительная комиссия
605##$3DITM\AF\0000002775
$aВласть
$lколлекция
$2acquisition_prlib
6101#$aПравительственная власть
$aРаспорядительная комиссия
686##$a63.3(2)535-332ю1
$cИстория
$2rubbk
686##$a67.400.6ю1
$cПраво
$2rubbk
700#1$aЛорис-Меликов
$bМ. Т.
$gМихаил Тариелович
801#0$aRU
$bGA_RF
801#1$aRU
$bГлавНИВЦ
$c20240716
$2rusmarc
801#2$aRU
$bПБ им. Б.Н. Ельцина
$c20240819
$gRCR
$2rusmarc
852##$aГА РФ
$j33
937##$d193617635
$hГАРФ
035##$aRuPRLIB51076385
856##$uhttp://readingroom.main.prlib.ru/item.aspx?id_node=n193617635&mode=full
Формат отображения